| 000 | 00430nam a2200169Ia 4500 | ||
|---|---|---|---|
| 005 | 20140426081704.0 | ||
| 008 | 140130s9999 xx 000 0 und d | ||
| 050 |
_aPZ 7 _b.C179Bisf 2005 |
||
| 245 |
_cCapucilli, Alyssa Satin _aBiscuit goes to school |
||
| 260 |
_bScholastic, _c2002 |
||
| 300 |
_a21 p. : _bcol. ill. ; _c22 cm. |
||
| 440 |
_v1 _930986 |
||
| 521 | _aG1 | ||
| 526 | _c100 | ||
| 942 |
_cBK _2lcc |
||
| 999 |
_c39827 _d39827 |
||